Optimalizácia výkonových parametrov spaľovacieho motora určeného na súťažné účely
Enregistré dans:
| Auteur principal: | |
|---|---|
| Autres auteurs: | |
| Format: | Manuscrit Livre |
| Langue: | slovaque |
| Publié: |
2019
|
| Sujets: | |
| Accès en ligne: | http://is.stuba.sk/zp/portal_zp.pl?podrobnosti=145898 |
| Tags: |
Pas de tags, Soyez le premier à ajouter un tag!
|
MARC
| LEADER | 00000ntm a22000003a 4500 | ||
|---|---|---|---|
| 001 | stuzp74092 | ||
| 003 | SK-STU | ||
| 005 | 20190608212821.0 | ||
| 007 | ta | ||
| 008 | 150427s2015----xo-----f-mn---000-0-slo-d | ||
| 040 | |a STU |b slo | ||
| 041 | 0 | |a slo | |
| 100 | 1 | |a Rýs, Andrej |u 020030 |k Z4 |4 aut |U SjF Strojnícka fakulta |T SjF Ústav dopravnej techniky a konštruovania |X 63054 |U J0030 |Y 806 |7 63054 | |
| 242 | 0 | 1 | |a Performance parameters optimization of internal combustion engine for competitive purposes |y eng |
| 245 | 1 | 0 | |a Optimalizácia výkonových parametrov spaľovacieho motora určeného na súťažné účely |
| 260 | |c 2019 | ||
| 650 | 4 | |a ladenie |2 slo | |
| 650 | 4 | |a simulácia motora |2 slo | |
| 650 | 4 | |a výkon |2 slo | |
| 650 | 4 | |a točivý moment |2 slo | |
| 650 | 4 | |a Ricardo Wave |2 slo | |
| 650 | 4 | |a simulation of engine |2 eng | |
| 650 | 4 | |a power |2 eng | |
| 650 | 4 | |a torque |2 eng | |
| 650 | 4 | |a tuning |2 eng | |
| 650 | 4 | |a Ricardo Wave |2 eng | |
| 700 | 1 | |a Chríbik, Andrej |u 020030 |k Z1 |4 ths |U SjF Strojnícka fakulta |T SjF Ústav dopravnej techniky a konštruovania |X 26808 |U J0030 |Y 806 |7 A000026808 | |
| 856 | 4 | |u http://is.stuba.sk/zp/portal_zp.pl?podrobnosti=145898 | |
| 996 | |b 284J045975 |c J* 3085/DDP |l JJSK |s A |a 24 |w stuzp74092_0001 | ||